| 000 | 00435cam a2200169ua 4500 | ||
|---|---|---|---|
| 041 |
_aeng _h |
||
| 082 |
_a621.4025 _bWRA/TH |
||
| 100 | _aWrangham, D A . | ||
| 245 |
_aTheory and practice of heat engines / _cD A Wrangham. _hTextual Documents |
||
| 250 |
_a2 / _b. |
||
| 260 |
_aLondon : _bEnglish Language Book Society , _c1962. |
||
| 300 | _a872 ; . | ||
| 504 | _a | ||
| 942 | _cBK | ||
| 999 |
_c5635 _d5635 |
||